Languages of South Africa - Statistics

General Stats
  • This quiz has been taken 49 times
  • The average score is 6 of 11
Answer Stats
Percent Language % Correct
12 Afrikaans
100%
8 English
98%
14 Xhosa
95%
25 Zulu
95%
7 Sesotho
88%
1 Ndebele
63%
2 Swati
28%
9 Setswana
26%
10 Sepedi
9%
2 Tshivenda
5%
3 Xitsonga
5%
No matching quizzes found
Score Distribution
Percent of People with Each Score
Percentile by Number Answered
Your Score History
You have not taken this quiz